000 00460nam a2200169Ia 4500
005 20250508150541.0
008 008 250505s9999 xx 000 0 hin d
037 _aBooks to be hide in OPAC
040 _aFEDL
_beng
_cFEDL
041 _ahin
_2eng
084 _a891.439, DUN/O
_qFEDL
100 _aDuni Chandra
_9203998
245 0 _aHindi gadya ke vividh rup
300 _a327p.
942 _cHB
_h891.439, DUN/O
999 _c1324201
_d1324201